Normal view
MARC view
- ISLAM-BIOGRAPHY-PROPHET MUHAMMAD.ISLAM-NAAT
Entry Topical Term
001 - CONTROL NUMBER
- control field: 66074
003 - CONTROL NUMBER IDENTIFIER
- control field: NUST
005 - DATE AND TIME OF LATEST TRANSACTION
- control field: 20210628203530.0
008 - FIXED-LENGTH DATA ELEMENTS
- fixed length control field: 210628|| aca||aabn | a|a d
040 ## - CATALOGING SOURCE
- Original cataloging agency: NUST
- Transcribing agency: NUST
150 ## - HEADING--TOPICAL TERM
- Topical term or geographic name entry element: ISLAM-BIOGRAPHY-PROPHET MUHAMMAD.ISLAM-NAAT
670 ## - SOURCE DATA FOUND
- Source citation: Work cat.: (NUST): Tahir, Qaum Tahir 66073, Jashan-e- milad-e- muhammad (pbuh) hay manoo logo, 2008
